| 000 | 00483nam a2200181Ia 4500 | ||
|---|---|---|---|
| 003 | OSt | ||
| 005 | 20140321151006.0 | ||
| 008 | 140130s9999 xx 000 0 und d | ||
| 020 | _a043955672 | ||
| 050 |
_aLB 1576 _b.C843 2004 |
||
| 100 | _aCulhams, Ruth | ||
| 245 |
_cRuth Culhams. _aUsing picture books to teach writing w/ the traits / |
||
| 260 |
_bScholastic, _c2004. _aNew York : |
||
| 300 |
_a144 p. : _bill. ; _c26 cm. |
||
| 440 | _v1 | ||
| 942 |
_cBK _2lcc |
||
| 999 |
_c41953 _d41953 |
||